000 00269nam a2200109Ia 4500
008 220204s9999 xx 000 0 und d
082 _a331.5.024.54
_bNAR
100 _aNARAYANA, D L
245 0 _aPlanning for employment
260 _aDelhi
_bSterling
_c1980
942 _cBK
999 _c35481
_d35481